000
00293nam a2200145Ia 4500
100
_a
Smith/R.J/ Dorf R.C
942
_c
BK
654
_a
systems
245
_a
Circuits
260
_b
John wiley
_a
New York
_c
1992
082
_a
621.3
_b
PAN
300
_a
751
546
_a
ENGLISH
999
_c
22133
_d
22133